[Event "Bicaz City Cup 2020"]
[Site "Bicaz"]
[Date "2020.03.05"]
[Round "1.1"]
[White "Istratescu, Andrei"]
[Black "Ciobanu, Sebastian-Stefan"]
[Result "1-0"]
[WhiteElo "2550"]
[BlackElo "1497"]
[Annotator "TA"]
[PlyCount "41"]
[EventDate "2020.03.05"]
[EventType "swiss"]
[EventCountry "ROU"]
[SourceTitle "playchess.com"]
[Source "ChessBase"]
[SourceQuality "1"]

{[%evp 9,41,57,163,158,161,162,183,210,199,180,168,114,126,104,105,92,102,97,201,207,292,210,466,478,476,291,302,294,301,291,294,287,841,816]} 1. e4 c5 2. Nf3 g6 3. c3 Nc6 4. d4 cxd4 5. cxd4 d5 {[#]} ({Black should try} 5... d6 $14) 6. exd5 $1 $18 {B22: Sicilian: 2 c3.} Qxd5 7. Nc3 Qd8 8. d5 {Black must now prevent Qa4.White is clearly better.} Nb8 9. Bb5+ Bd7 10. Qb3 ({White should play} 10. Bxd7+ $18 Nxd7 11. O-O) 10... Bg7 $16 {[#]} 11. O-O $146 ({Predecessor:} 11. Bf4 Nf6 12. Bxd7+ Qxd7 13. Ne5 Qf5 14. Qxb7 Qxf4 {1-0 (14) Gallagher,J (2501)-Nuri,K (2300) Caleta 2011}) 11... Bxb5 12. Nxb5 {Threatens to win with d6!} a6 13. Nc3 $36 {[%mdl 2048] White is in control.} b5 (13... Nf6 $16 {keeps fighting.}) 14. a4 $18 bxa4 (14... b4 $142) 15. Qxa4+ Nd7 $2 (15... Qd7 {was worth a try.} 16. Nb5 Kf8) 16. d6 Bxc3 17. dxe7 Nxe7 18. bxc3 O-O 19. Rd1 Ra7 20. Bh6 Re8 $2 {[#]} (20... Qc7 21. Bxf8 Kxf8) 21. Qd4 $1 {[%mdl 512] Accuracy: White = 79%, Black = 49%.} 1-0

[Event "Bicaz City Cup 2020"]
[Site "Bicaz"]
[Date "2020.03.05"]
[Round "1.2"]
[White "Cretu, Ioan"]
[Black "Manolache, Marius"]
[Result "0-1"]
[WhiteElo "1496"]
[BlackElo "2541"]
[Annotator "TA"]
[PlyCount "66"]
[EventDate "2020.03.05"]
[EventType "swiss"]
[EventCountry "ROU"]
[SourceTitle "playchess.com"]
[Source "ChessBase"]
[SourceQuality "1"]

{[%evp 12,66,17,6,26,25,11,0,116,109,104,22,38,22,43,-61,-47,-41,-68,-41,-39,-524,-514,-746,-743,-866,-842,-843,-683,-687,-689,-784,-786,-783,-770,-782,-793,-773,-766,-907,-900,-893,-888,-960,-960,-967,-961,-1091,-1067,-1173,-1150,-1109,-1096,-29984,-29984,-29983,0]} 1. e4 d6 2. Nf3 g6 3. d4 Nf6 4. Nc3 Bg7 5. Bd3 O-O 6. h3 a6 7. Be3 b6 {B08: Pirc Defence: Classical System.} 8. Qd2 c5 9. Bh6 {[#]} Nc6 $146 (9... cxd4 $11 {keeps the balance.} 10. Nxd4 Bb7) ({Predecessor:} 9... Bxh6 10. Qxh6 cxd4 11. Nxd4 Bb7 12. Nf3 Qc7 13. Ng5 Qc5 14. O-O-O b5 15. h4 b4 {1-0 (23) Terreaux,G-Archambault,P CServe email 1995}) 10. Bxg7 $16 Kxg7 11. d5 ({White should play} 11. e5 $16 Nd7 12. Be4) 11... Na5 12. b3 b5 {[%cal Bb6b5,Bb5b4][%mdl 32]} 13. e5 ({White should try} 13. O-O $14) 13... dxe5 $15 14. Nxe5 b4 $36 {[%mdl 2048] White is under pressure.} 15. Na4 Qd6 16. Nc4 $2 {[%mdl 8192] Loses the game.} (16. f4 $15) 16... Nxc4 $19 17. bxc4 Qe5+ {[%mdl 64] Double Attack} 18. Kd1 Qxa1+ {[%mdl 64] Double Attack} 19. Qc1 Qxc1+ 20. Kxc1 e6 21. Nxc5 exd5 22. cxd5 Nxd5 23. Be4 Be6 24. Rd1 Rad8 25. Nxa6 {[#]} Nc3 $1 26. Rxd8 Rxd8 27. Bd3 Nxa2+ 28. Kb2 {[#]} b3 $1 29. Nc5 (29. cxb3 Rxd3) 29... bxc2 {[%csl Ga2][%cal Rc2c1]} 30. Nxe6+ fxe6 31. Bxc2 Rd2 32. Kxa2 Rxc2+ 33. Kb3 Rc3+ $2 {[%mdl 32768] Accuracy: White = 37%, Black = 89%. . Loss on time!?} (33... Rxf2 {mates} 34. Kc3 Rxg2 35. Kd3 Rg3+ 36. Ke4 Rxh3 37. Ke5 h5 38. Kxe6 Ra3 39. Kd7 h4 40. Kc6 h3 41. Kc5 h2 42. Kb4 Rg3 43. Kc5 h1=Q 44. Kc4 Qc6+ 45. Kb4 Qc1 46. Ka4 Qb2 47. Ka5 Ra3#) 0-1

[Event "Bicaz City Cup 2020"]
[Site "Bicaz"]
[Date "2020.03.05"]
[Round "1.3"]
[White "Svetushkin, Dmitry"]
[Black "Olinici, Ecaterina"]
[Result "1-0"]
[WhiteElo "2504"]
[BlackElo "1494"]
[Annotator "TA"]
[PlyCount "55"]
[EventDate "2020.03.05"]
[EventType "swiss"]
[EventCountry "ROU"]
[SourceTitle "playchess.com"]
[Source "ChessBase"]
[SourceQuality "1"]

{[%evp 10,55,38,38,31,19,29,40,28,31,20,-13,-41,0,57,26,31,21,29,36,38,36,12,22,25,0,0,0,94,91,84,97,102,83,96,97,95,90,130,120,256,248,828,799,810,810,957,955]} 1. e4 e5 2. Nf3 Nc6 3. Bb5 a6 4. Ba4 Bc5 5. O-O d6 6. c3 Bg4 {C70: Ruy Lopez: 3...a6 4 Ba4, Norwegian and Delayed Schliemann.} 7. h3 Bh5 8. g4 Bg6 {White is slightly better.} 9. d4 Ba7 {[#]} 10. Bxc6+ $146 ({Predecessor:} 10. d5 b5 11. dxc6 bxa4 12. Qxa4 h5 13. g5 f5 14. Nh4 Ne7 15. exf5 Bxf5 16. Nxf5 Nxf5 {1-0 (51) Gergacz,D (1884)-Tukacs,R Hungary 2006}) 10... bxc6 11. dxe5 Bxe4 (11... h5 $11 12. g5 d5) 12. Re1 {[#] aiming for Bg5.} d5 13. Nbd2 $36 {[%mdl 2048] White fights for an advantage.} f5 $1 14. Nxe4 fxe4 15. Bg5 Qd7 {Hoping for ...h6.} 16. Nd4 Bxd4 17. Qxd4 {[#] And now e6! would win.} Qe6 18. c4 h5 (18... h6 $11 19. Bf4 h5) 19. Rad1 $16 {[%cal Rc4d5]} hxg4 20. cxd5 cxd5 21. Qxd5 Qxd5 22. Rxd5 gxh3 23. Rxe4 Ne7 24. Rc5 O-O-O {Loses the game.} (24... Rh5 $16 {keeps fighting.} 25. Bxe7 Kxe7) 25. Kh2 $18 (25. Bxe7 {leads to mate.} h2+ 26. Kh1 Rd1+ 27. Re1 Rxe1+ 28. Kg2 h1=Q+ 29. Kg3 Rh3+ 30. Kg4 Qf3+ {[%mdl 64] Double Attack} 31. Kg5 Rg1#) 25... Rd5 $2 (25... Rdf8) 26. Bxe7 {White is clearly winning.} Rd2 27. Bh4 g5 28. Bg3 {Accuracy: White = 79%, Black = 56%.} 1-0

[Event "Bicaz City Cup 2020"]
[Site "Bicaz"]
[Date "2020.03.05"]
[Round "1.4"]
[White "Durac, Eugen"]
[Black "Soltanici, Ruslan"]
[Result "0-1"]
[WhiteElo "1479"]
[BlackElo "2403"]
[Annotator "TA"]
[PlyCount "82"]
[EventDate "2020.03.05"]
[EventType "swiss"]
[EventCountry "ROU"]
[SourceTitle "playchess.com"]
[Source "ChessBase"]
[SourceQuality "1"]

{[%evp 10,82,-5,-14,-18,-46,-39,-30,-33,-41,-34,-60,-61,-35,-41,-24,0,0,26,-81,-79,-91,-89,-82,-79,-87,-71,-77,-78,-79,-63,-64,-25,-25,-25,-25,-25,-31,-25,-25,-25,-25,-25,-61,-51,-100,-54,-112,-53,-72,-74,-80,-69,-133,-123,-133,0,-53,-53,-182,-188,-249,-237,-217,-122,-127,-106,-115,-100,-121,-118,-964,-964,-957,-964]} 1. d4 Nf6 2. c4 e6 3. Nc3 Bb4 4. Bg5 c5 5. d5 h6 6. Bxf6 Qxf6 {E30: Nimzo-Indian: Leningrad Variation.} 7. Qc2 exd5 8. cxd5 O-O {Black has an edge.} 9. e4 d6 {[#]} 10. Nge2 $146 ({Predecessor:} 10. Nf3 Bg4 11. Be2 Bxf3 12. Bxf3 Nd7 13. O-O a6 14. Bg4 Ne5 15. Bf5 g6 16. f4 {0-1 (44) Gutierrez Diaz,K-Navarro Molina,D (2048) Arucas 2011}) 10... Nd7 {[%cal Bb8d7,Bd7e5,Be5g4,Bg4e3][%mdl 32]} 11. Ng3 Ne5 12. Be2 Ng4 13. O-O Qh4 {[%csl Gg4][%cal Rh4h2]} 14. h3 (14. Bxg4 $1 $11 Bxg4 15. Nd1) 14... Ne3 $1 $17 {[%cal Re3c2]} 15. fxe3 {aiming for Rf3.} Qxg3 16. Rf3 Qe5 17. a3 Bxc3 18. bxc3 Bd7 19. a4 f5 20. exf5 Bxf5 21. Bd3 Bxd3 22. Rxf8+ Rxf8 23. Qxd3 $11 {[%mdl 4096] Endgame KQR-KQR} Re8 24. Re1 Qg3 25. Re2 b6 26. c4 Qe5 $36 {[%mdl 2048] Black fights for an advantage.} 27. Qg6 Rf8 28. Qc2 ({White should try} 28. Re1 $15) 28... h5 (28... Qa1+ $17 29. Kh2 Rf7) 29. Qb2 Qe4 30. Qc2 Re8 31. Kf2 {[#]} (31. Qc3 $15) 31... Qh4+ $1 $17 32. Kg1 Qe4 (32... Re4 $17 33. a5 bxa5) 33. Kf2 $1 $15 Qe5 34. Qb2 {[#]} ({White should play} 34. Re1 $15) 34... Qh2 $1 $19 35. Qc2 (35. Qb5 $142 Rf8+ 36. Ke1) 35... Rf8+ 36. Ke1 Qe5 (36... Qh1+ $19 37. Kd2 Qa1) 37. Qb2 $17 {White wants to play Qxe5.} Qg3+ 38. Kd2 Rf1 39. Qc2 Qe5 40. Qc3 $2 {[%mdl 8192] [#]} (40. Re1 $17 Rxe1 41. Kxe1) 40... Rd1+ $1 $19 {[%mdl 512]} 41. Kc2 {[#]} (41. Kxd1 Qxc3) 41... Rc1+ $1 {[%mdl 576] Skewer. Accuracy: White = 52%, Black = 77%.} 0-1

[Event "Bicaz City Cup 2020"]
[Site "Bicaz"]
[Date "2020.03.05"]
[Round "1.5"]
[White "Baltag, Iulian"]
[Black "Iorga, Maria-Irina"]
[Result "1-0"]
[WhiteElo "2391"]
[BlackElo "1475"]
[Annotator "TA"]
[PlyCount "93"]
[EventDate "2020.03.05"]
[EventType "swiss"]
[EventCountry "ROU"]
[SourceTitle "playchess.com"]
[Source "ChessBase"]
[SourceQuality "1"]

{[%evp 14,92,15,27,74,58,74,59,51,36,65,58,67,58,86,80,68,64,110,100,120,93,148,129,267,229,262,208,242,164,146,140,326,306,259,243,407,406,723,714,808,795,1224,957,2339,2227,29967,29970,6299,5781,29968,5531,5178,5002,3215,2977,29984,29985,29986,29987,29993,29994,29994,29995,29995,29996,29996,29995,29995,29995,29995,29996,29996,29997,29997,29998,29998,29998,29998,29999,29999]} 1. d4 d5 2. Nc3 Nf6 3. Bg5 e6 4. e4 Be7 5. e5 Nfd7 6. h4 h6 7. Bxe7 Qxe7 8. f4 b6 {C14: French: Classical System: 4 Bg5 Be7 main line.} 9. Nb5 {[%cal Bc3b5,Bb5a3,Ba3c2,Bc2e3][%mdl 32]} Nf8 {[#]} 10. Qd2 $146 ({Predecessor:} 10. c3 Bb7 11. Nf3 Nc6 12. Bd3 a6 13. Na3 Nd7 14. Nc2 Na5 15. Ne3 b5 16. b3 {1-0 (40) Hrabusa,M (2287)-Seitler,A (2253) Czechia 2010}) 10... a6 {White is slightly better.} 11. Na3 Bb7 12. Nf3 c5 13. c3 c4 14. Nc2 Nc6 15. Ne3 Bc8 16. f5 Nh7 17. Rh3 Rg8 (17... h5 $142) 18. Rg3 $16 h5 (18... Qc7 $16) 19. b3 b5 20. a4 Ra7 21. axb5 ({Don't play} 21. bxc4 $6 bxc4 22. Qc2 g6) 21... axb5 22. Rxa7 Nxa7 $2 {Now Black is done in.} (22... Qxa7 $16 23. Qb2 (23. bxc4 bxc4 24. Qb2 Ne7 $14) 23... Ne7) 23. bxc4 $18 bxc4 24. Qc2 exf5 $2 (24... g6 {was called for.} 25. fxg6 fxg6 26. Rxg6 Rxg6) 25. Nxd5 Qd7 (25... Qa3 $142 26. Bxc4 Kf8) 26. Bxc4 Bb7 27. Nf4 Nf8 28. Nxh5 Ne6 {[#]} 29. Nf6+ $1 {[%mdl 512]} gxf6 30. Rxg8+ Nf8 31. Qb3 {Threatening mate with Qa3.} Nc6 32. Qa3 (32. exf6 $142 Bc8 {[#]} 33. Ne5 $1 {[%mdl 512]} Nxe5 34. dxe5 Qa7 35. Qb4 Qe3+ 36. Kd1 Qg1+ 37. Ke2) 32... Qe7 33. Qxe7+ Kxe7 34. exf6+ Ke8 35. h5 {White mates.} Ne7 36. Bb5+ Kd8 37. Rxf8+ {[%mdl 64] Double Attack} Kc7 38. fxe7 Bc6 39. Bxc6 Kxc6 40. h6 Kd5 41. h7 Kc4 42. Kd2 Kd5 43. e8=Q f6 44. Kd3 {[%cal Re8d7]} Kd6 45. Rxf6+ Kc7 46. Qe7+ Kc8 47. h8=R# {Accuracy: White = 73%, Black = 24%.} 1-0

[Event "Bicaz City Cup 2020"]
[Site "Bicaz"]
[Date "2020.03.05"]
[Round "1.6"]
[White "Gurguiatu, Sandu"]
[Black "Danilov, Vladimir"]
[Result "0-1"]
[WhiteElo "1473"]
[BlackElo "2388"]
[Annotator "TA"]
[PlyCount "48"]
[EventDate "2020.03.05"]
[EventType "swiss"]
[EventCountry "ROU"]
[SourceTitle "playchess.com"]
[Source "ChessBase"]
[SourceQuality "1"]

{[%evp 9,48,-22,-16,-40,-40,-38,-51,-172,-180,-265,-260,-264,-267,-273,-275,-275,-239,-248,-252,-401,-328,-379,-325,-288,-231,-219,-229,-230,-223,-229,-167,-364,-39,-367,57,-29981,-29982,-29992,-29993,-29993,-29994]} 1. a3 d5 2. g3 e5 3. Bg2 f5 4. e3 Nf6 {[#]} 5. d4 $146 ({Predecessor:} 5. Ne2 Bd6 6. O-O O-O 7. d3 c6 8. Nd2 Qe8 9. c4 Kh8 10. b4 g5 11. Bb2 {0-1 (57) Celik,E-Karamahmutoglu,E (2045) Kusadasi 2004}) 5... e4 6. Ne2 {A00: Irregular Openings.} Bd6 7. O-O h5 8. Nf4 (8. c4 $15) 8... h4 9. Ng6 (9. c4 {is a better defense.}) 9... Rh6 $19 10. Nxh4 g5 11. Nf3 exf3 12. Qxf3 g4 13. Qe2 {next e4 is good for White.} Ne4 14. Bxe4 (14. c4 $142) 14... dxe4 15. c4 Nc6 16. c5 Bxc5 17. dxc5 Ne5 18. Nd2 Be6 19. b3 c6 20. h4 $2 (20. Rd1) 20... Kf7 $2 ({Not} 20... gxh3 21. Ra2 $19) (20... Rxh4 $19 21. gxh4 Qxh4) 21. Rd1 $2 {[%mdl 8192] [#]} (21. Kg2 $1 $15) 21... Rxh4 $2 (21... Nf3+ $1 $19 22. Nxf3 gxf3) 22. gxh4 $4 {[%mdl 8192]} (22. Bb2 $14 Qd3 23. Qf1 Qxf1+ 24. Rxf1) 22... Qxh4 {Black mates.} 23. Qf1 Nf3+ 24. Nxf3 gxf3 {Accuracy: White = 32%, Black = 50%.} 0-1

[Event "Bicaz City Cup 2020"]
[Site "Bicaz"]
[Date "2020.03.05"]
[Round "1.7"]
[White "Dobre, Claudiu-Cristian"]
[Black "Pintilie, Dimitrie"]
[Result "1-0"]
[WhiteElo "2312"]
[BlackElo "1460"]
[Annotator "TA"]
[PlyCount "47"]
[EventDate "2020.03.05"]
[EventType "swiss"]
[EventCountry "ROU"]
[SourceTitle "playchess.com"]
[Source "ChessBase"]
[SourceQuality "1"]

{[%evp 9,47,22,17,22,40,30,62,27,31,20,19,31,147,145,154,149,258,249,339,343,341,332,435,424,430,360,457,316,1144,1122,2364,2364,2063,1954,29988,29988,29988,29987,29998,29999]} 1. c4 e5 2. Nc3 b6 3. Nf3 Nc6 4. e3 Bb4 5. Nd5 {[#]} Bd6 $146 ({Predecessor:} 5... Bb7 6. Nxb4 Nxb4 7. Nxe5 Nh6 8. a3 Na6 9. d4 O-O 10. f3 d6 11. Nd3 Qf6 {1-0 (48) Lauer,F (1037)-Cruz Rivera,P (718) LSS email 2011}) 6. d4 {A21: English Opening: 1...e5 2 Nc3.} Bb7 7. a3 (7. Nc3 {with more complications.} exd4 8. exd4 Nf6 9. Bd3 Bb4 10. O-O) 7... a5 8. dxe5 {White is slightly better.} (8. Bd3 {is more complex.} Nf6 9. Nxf6+ Qxf6 10. d5 Nb8 11. Nd2) 8... Nxe5 9. Nxb6 Nxf3+ 10. gxf3 Bxf3 (10... Rb8 $14) 11. Qxf3 $16 cxb6 12. Rg1 Bf8 (12... Kf8 $16) 13. Bd2 $18 Rc8 14. Bc3 Nf6 15. Rd1 h5 16. Bh3 {Strongly threatening Bxf6.} Rc7 17. Be5 d6 18. Qf4 Rc6 $2 (18... Rc5) 19. Bxf6 Be7 20. Bxg7 Rg8 {[#]} 21. Qe4 $1 Qc7 {[#]} 22. Qh7 $1 {[%mdl 64] Double Attack. White mates.} Rxg7 23. Rxg7 Bf6 24. Qg8+ {Black got outplayed after the opening. Accuracy: White = 79%, Black = 21%.} 1-0

[Event "Bicaz City Cup 2020"]
[Site "Bicaz"]
[Date "2020.03.05"]
[Round "1.8"]
[White "Cecoi, Mihai"]
[Black "Bargan, Sergiu"]
[Result "0-1"]
[WhiteElo "1459"]
[BlackElo "2258"]
[Annotator "TA"]
[PlyCount "58"]
[EventDate "2020.03.05"]
[EventType "swiss"]
[EventCountry "ROU"]
[SourceTitle "playchess.com"]
[Source "ChessBase"]
[SourceQuality "1"]

{[%evp 17,58,-35,-29,-62,-34,-47,-36,-55,-55,-59,-60,-62,-66,-73,-47,-100,-56,-163,-170,-190,-190,-189,-183,-191,-188,-220,-214,-274,-272,-341,-315,-462,-458,-555,-530,-520,-522,-666,-540,-723,-601,-560,-530]} 1. e4 c5 2. c3 g6 3. d4 cxd4 4. cxd4 d5 5. exd5 Nf6 6. Nc3 Bg7 7. Nf3 O-O 8. Be2 Nxd5 9. O-O Nc6 {[#]} 10. Qd2 $146 {A35: Symmetrical English: 2 Nc3 Nc6 3 Nf3.} ({Predecessor:} 10. h3 e6 11. Bg5 Qd7 12. Qd2 b6 13. Bh6 Bb7 14. Bxg7 Kxg7 15. Rad1 Rac8 16. Bb5 Nxc3 17. bxc3 Qd6 18. Qd3 {0-1 (54) Rau,H (2472)-Kaczmarczyk,D (2442) Baden 2018}) 10... e6 11. Rd1 b6 12. Nxd5 {Black is slightly better.} Qxd5 13. b3 Bb7 14. Bb2 Rfd8 15. Bc4 Qh5 16. Qe2 (16. Qf4 $15) 16... Na5 17. Ne1 (17. Ba6 $15) 17... Nxc4 $19 18. Qxh5 gxh5 19. bxc4 Rac8 20. Rac1 Ba6 21. Rd3 Rxc4 22. Rxc4 Bxc4 23. Rh3 Bxd4 24. Bxd4 (24. Rh4 $142 e5 25. Bxd4 exd4 26. Nf3) 24... Rxd4 {Black is clearly winning.} 25. Rxh5 {[#] KRB-KRN} Rd1 $1 {[%cal Rd1e1]} 26. Re5 Bxa2 27. h3 Bd5 28. Kh2 Rd2 29. Kg3 a5 {White did not feel at home in the position after the opening. Accuracy: White = 33%, Black = 67%.} 0-1

[Event "Bicaz City Cup 2020"]
[Site "Bicaz"]
[Date "2020.03.05"]
[Round "1.9"]
[White "Andronescu, Madalin"]
[Black "Ciomaga, Andrei"]
[Result "1/2-1/2"]
[WhiteElo "2148"]
[BlackElo "1430"]
[Annotator "TA"]
[PlyCount "76"]
[EventDate "2020.03.05"]
[EventType "swiss"]
[EventCountry "ROU"]
[SourceTitle "playchess.com"]
[Source "ChessBase"]
[SourceQuality "1"]

{[%evp 18,76,0,-29,-46,-29,-13,-50,-44,-46,-38,-37,-51,-44,-66,-107,-45,-53,-40,-37,-33,-59,-43,-33,-37,-36,-21,-35,-36,-35,-18,-30,-5,-9,-6,-25,0,0,0,0,0,-5,0,0,0,0,0,-39,0,0,0,0,0,0,0,0,0,0,0,0,1176]} 1. e4 c5 2. Nf3 e6 3. d4 cxd4 4. Nxd4 a6 5. Nc3 Qc7 6. Be2 Nf6 7. O-O b5 8. a3 Bb7 9. Re1 d6 10. Bf3 Nbd7 {B43: Sicilian: Kan Variation: 5 Nc3.} 11. Bg5 Be7 12. g3 h6 {Black is slightly better.} 13. Bxf6 Nxf6 14. e5 dxe5 15. Bxb7 Qxb7 16. Rxe5 {[#]} O-O ({Black should try} 16... O-O-O $1 $17 {Hoping for ...Qc7.} 17. Qd3 Qc7) 17. Qf3 $15 Qxf3 18. Nxf3 Rfd8 19. Rd1 Rxd1+ 20. Nxd1 Rd8 21. Re1 Bd6 22. c3 Bc5 23. Ne3 Kf8 24. Kf1 Nd5 25. Nxd5 Rxd5 $11 {[%mdl 4096] Endgame KRB-KRN} 26. Re5 Ke7 27. Rxd5 exd5 {KB-KN} 28. Ke2 Ke6 29. Nd2 h5 30. Nb3 Bb6 31. f3 g6 32. h3 Ke5 33. f4+ $1 {The position is equal.} Ke6 34. Kf3 f5 35. Nd4+ Bxd4 36. cxd4 Kf6 37. g4 fxg4+ 38. hxg4 h4 $2 {[%mdl 40960] Accuracy: White = 81%, Black = 77%. . An unexpected result.} (38... a5 $11) 1/2-1/2

[Event "Bicaz City Cup 2020"]
[Site "Bicaz"]
[Date "2020.03.05"]
[Round "1.10"]
[White "Costea, Ghita"]
[Black "Filip, Andrei"]
[Result "0-1"]
[WhiteElo "1427"]
[BlackElo "2103"]
[Annotator "TA"]
[PlyCount "74"]
[EventDate "2020.03.05"]
[EventType "swiss"]
[EventCountry "ROU"]
[SourceTitle "playchess.com"]
[Source "ChessBase"]
[SourceQuality "1"]

{[%evp 9,74,-18,-16,-44,-43,-71,-81,-68,-37,-36,-35,-43,0,-32,-23,-51,-65,-80,-19,-116,-140,-129,-120,-153,-172,-252,-259,-246,-248,-262,-250,-260,-255,-254,-258,-258,-254,-264,-259,-265,-270,-275,-207,-210,-207,-203,-148,-140,-159,-141,-119,-195,-192,-329,-338,-469,-470,-471,-467,-397,-411,-568,-542,-801,-765,-830,-802]} 1. e4 c5 2. Nf3 e6 3. d3 d5 4. exd5 exd5 5. c3 Nf6 6. Bg5 {B40: Sicilian: 2...e6, Unusual lines.} Be7 {[#]} 7. g3 $146 ({Predecessor:} 7. Be2 O-O 8. O-O Nc6 9. d4 Qb6 10. Bc1 Bf5 11. h3 Rfe8 12. dxc5 Bxc5 13. Nbd2 {0-1 (20) Alishani,I (2167)-Firat,B (2428) Skopje 2013}) 7... O-O 8. Bg2 {Black is better.} Nc6 (8... Qb6 $5 {[%cal Rb6b2]} 9. Qd2 h6 $15) 9. O-O Bg4 10. h3 {aiming for Bxf6.} Bh5 11. Re1 h6 $36 {[%mdl 2048] Black has some pressure.} 12. Bxf6 Bxf6 ({Much weaker is} 12... gxf6 $6 13. Qd2 $14) 13. Nbd2 Qd7 (13... Qb6 $17 14. Qb3 Rad8) 14. Ne5 (14. Nb3 $11) 14... Nxe5 $17 {[%cal Bc6e5,Be5d3,Bd3b2,Bb2d1][%mdl 32]} 15. Qxh5 Nxd3 {[%mdl 64] Double Attack} 16. Re3 Nxb2 17. Qxd5 (17. Rb1 {might work better.} d4 18. cxd4 Bxd4 19. Rb3) 17... Qxd5 $19 18. Bxd5 Rad8 19. Rb1 {[#]} Nd1 $1 {[%cal Rd1e3][%mdl 512]} 20. c4 (20. Rxd1 Rxd5) 20... Nxe3 21. fxe3 b6 22. Kf2 Rfe8 23. Rb3 Re7 24. Kf3 Be5 25. Nf1 Rxd5 26. cxd5 {[%mdl 4096] Endgame KRB-KRN} c4 27. Rb1 c3 {Threatens to win with ...c2.} 28. e4 Rc7 {Strongly threatening ...c2.} 29. Ne3 {[#]} b5 $1 {[%cal Bb6b5,Bb5b4][%mdl 544]} 30. Rc1 (30. Nc2 $17) (30. Rxb5 c2) 30... b4 31. Ng4 (31. Nc2 $142 a5 32. g4) 31... f6 32. Nxe5 fxe5 {KR-KR} 33. Ke3 a5 34. Kd3 Kf7 35. Kc2 Rc4 {Black is clearly winning.} 36. Kd3 Rd4+ 37. Kc2 Rxe4 {Accuracy: White = 45%, Black = 77%.} 0-1

[Event "Bicaz City Cup 2020"]
[Site "Bicaz"]
[Date "2020.03.05"]
[Round "1.11"]
[White "Vilcu, Matei-Stefan"]
[Black "Cuzub, David"]
[Result "1-0"]
[WhiteElo "2037"]
[BlackElo "1426"]
[Annotator "TA"]
[PlyCount "42"]
[EventDate "2020.03.05"]
[EventType "swiss"]
[EventCountry "ROU"]
[SourceTitle "playchess.com"]
[Source "ChessBase"]
[SourceQuality "1"]

{[%evp 18,42,43,-5,110,93,207,51,52,-62,-76,-79,-102,-71,-58,-83,0,-120,-102,-194,237,-108,29988,29988,29994,29995,29995]} 1. e4 c5 2. Nf3 e6 3. d4 cxd4 4. Nxd4 d6 5. Nc3 Nf6 6. Bg5 Be7 7. f4 a6 8. Qf3 Qc7 9. O-O-O Nbd7 10. Bd3 {is the legacy move (10.g4).} Rb8 {B99: Sicilian Najdorf: 6 Bg5 e6 7 f4 Be7 8 Qf3 Qc7 9 0-0-0 Nbd7.} (10... b5 $11 {keeps the balance.}) 11. Rhe1 $1 $16 b5 (11... h6 $16 {is a better defense.} 12. Bh4 g5 13. fxg5 Ne5) 12. Nd5 $2 {[#]} (12. e5 $1 $18) 12... exd5 $146 {White is slightly better.} ({Predecessor:} 12... Nxd5 13. exd5 Nc5 14. Qg3 Nxd3+ 15. Qxd3 Bxg5 16. fxg5 e5 17. Nc6 O-O 18. Nxb8 Qxb8 {1-0 (57) Podolskyi,M (1806)-Dehtiarov,R (1652) Lvov 2019}) 13. exd5 ({White must play} 13. Nf5 $1 $14 Kf8 14. e5 $1 {[%mdl 512]} (14. exd5 Bd8 $17) 14... dxe5 15. fxe5 {[%mdl 64] Remove Defender} Nxe5 16. Rxe5 $1 {[%mdl 512]} Qxe5 17. Bf4) 13... Kf8 $1 $15 14. Nf5 Bd8 15. Qg3 Nh5 16. Qe3 {[%csl Ge1][%cal Re3e8]} Nhf6 (16... Ndf6 $17 {Threatens to win with ...h6.} 17. g4 Bxf5 18. Bxf5 h6 19. gxh5 hxg5 20. fxg5 Rxh5 21. gxf6 Bxf6) 17. Rd2 (17. Qg3 $1 $11 {was the only way to keep the balance.} Rg8 18. Nh6) 17... Qb6 {aiming for ...h6.} 18. Nd4 {[#]} (18. Qg3 $17 Nh5 19. Rde2) 18... Bb7 $4 {[%mdl 8192]} ({Weaker is} 18... Kg8 19. Bxf6 Bxf6 20. Qe8+ Nf8 21. Nc6 $11) (18... h6 $1 $19 {[%cal Rh6g5] and life is good for Black.} 19. Bh4 (19. Bxf6 $2 Nxf6 20. Rde2 g6 $19) 19... g6) 19. Rde2 $2 (19. Bf5 $18 {Bxd7 is the strong threat.} Kg8 20. Bxf6 Bxf6 21. Bxd7) 19... Bc7 $2 {[%mdl 8192]} (19... Kg8 $17 20. Nc6 Bxc6 21. Qxb6 Nxb6 22. dxc6 Kf8 23. Bxf6 gxf6) 20. Bxf6 gxf6 21. Qe7+ Kg7 {Accuracy: White = 34%, Black = 40%.} 1-0